Innovacin̤ organizacional Cultura, condicin̤ para la estrategia /

Detalles Bibliográficos
Autor principal: Mňdez ℓlvarez, Carlos Eduardo
Formato: eBook
Lenguaje:español
Publicado: Bogot:̀ Editorial Universidad de Rosario (Colombia), 2020
Materias:
Acceso en línea:Acceso restringido

MARC

LEADER 00000nam a22000007a 4500
005 20210427231445.0
007 cr|||| ||||
008 210427s2020 co |||||s|||| 00||0 spa d
020 |a 978-958-784-445-0 
035 |a 33128 
040 |a vLex 
090 |c 11542  |d 11542 
100 1 |a Mňdez ℓlvarez, Carlos Eduardo 
245 1 0 |a Innovacin̤ organizacional  |h [Recurso electrn̤ico] :  |b Cultura, condicin̤ para la estrategia /  |c Carlos Eduardo Mňdez ℓlvarez 
256 |a Servicio en ln̕ea 
260 |a Bogot:̀  |b Editorial Universidad de Rosario (Colombia),  |c 2020 
300 |a 1 recurso electrn̤ico 
506 1 |a Disponible solo en los productos indicados  |d vLex Global  |d vLex Global (Academic Edition, excluding Law Schools)  |d vLex Global (U.S. Academic Edition, Law Schools)  |d vLex Global (U.S. Academic Edition, excluding Law Schools)  |d vLex Global (Academic Edition, Law Schools) 
650 0 4 |a Derecho Mercantil y de la Empresa  |z Colombia 
740 0 |a vLex Libros (Servicio en ln̕ea) 
856 4 0 |u https://vlex.com/source/innovacion-organizacional-cultura-condicion-estrategia-33128  |z Acceso restringido 
942 |c BOOK 
999 0 |a Commercial and Company Law